000 00865nac a22002171u 4500
010 _a67016662
082 _a382.2097301724
_bW4247
090 _c1668
_d1668
100 _aWeintraub, Sidney,
245 _aTrade preferences for less-developed countries;
_ban analysis of United States policy.
_cForeword by Isaiah Frank.
260 _aNew York,
_bPraeger
_c[1967, c1966]
300 _axvi, 231 p.
_c25 cm.
440 _aPraeger special studies in international economics and development
500 _aDonations
500 _aDonations - Dr. Mostafa Gouda
504 _aBibliography: p. 213-231.
650 _aTariff
_zUnited States.
651 _aDeveloping countries.
942 _cBB
_k382.2097301724W4247
999 _c1668
_d1668